书目信息 |
| 题名: |
微波场效应晶体管器件
|
|
| 作者: | 谢怀彦 著 | |
| 分册: | ||
| 出版信息: | 北京 人民邮电出版社 1982 |
|
| 页数: | 331页 | |
| 开本: | 19cm | |
| 丛书名: | ||
| 单 册: | ||
| 中图分类: | TN322 | |
| 科图分类: | ||
| 主题词: | 微波晶体管:场效应晶体管 , 场效应晶体管:微波晶体管 | |
| 电子资源: | ||
| ISBN: | ||
| 000 | 00676nam0 2200241 45 | |
| 001 | 0182006482 | |
| 005 | 20060722154712.32 | |
| 010 | @dCNY1.15 | |
| 091 | @aCN@b15045.总2583-无6183 | |
| 100 | @a19950510d1982 emky0chiy0121 ea | |
| 101 | 0 | @achi |
| 102 | @aCN@b110000 | |
| 105 | @ay z 000yy | |
| 200 | 10 | @a微波场效应晶体管器件@Awei bo chang xiao ying jing ti guan qi jian@f谢怀彦著 |
| 210 | @a北京@c人民邮电出版社@d1982 | |
| 215 | @a331页@d19cm | |
| 606 | @a微波晶体管:场效应晶体管 | |
| 606 | @a场效应晶体管:微波晶体管 | |
| 690 | @aTN322@v3 | |
| 701 | 0 | @a谢怀彦@Axie huai yan@4著 |
| 801 | 2 | @aCN@bNLC@c20060722 |
| 801 | 0 | @aCN@bTSSF |
| 905 | @a10447@dTN322@e28 | |
| 微波场效应晶体管器件/谢怀彦著.-北京:人民邮电出版社,1982 |
| 331页;19cm |
| ISBN :CNY1.15 |
| ● |
| 相关链接 |
|
|
|
|
正题名:微波场效应晶体管器件
索取号:TN322/28
 
预约/预借
| 序号 | 登录号 | 条形码 | 馆藏地/架位号 | 状态 | 备注 |
| 1 | 0438117 | 204381178 | 密集书库/ [索取号:TN322/28] | 在馆 | |
| 2 | 0438118 | 204381187 | 密集书库/ [索取号:TN322/28] | 在馆 | |
| 3 | 0438119 | 204381196 | 密集书库/ [索取号:TN322/28] | 在馆 |